Every mother's son : the role of mothers in the making of men

Saved in:
Bibliographic Details
Main Author: Arcana, Judith
Format: Book
Language:English
Published: London : The Women's Press, 1983
Subjects:
Tags: Add Tag
No Tags, Be the first to tag this record!

MARC

LEADER 00000nam a2200000 i 4500
001 1/92358
008 991112s1983 eng d
020 |a 0-7043-3916-1 
035 |l 10054021 
040 |a GR-MY-UA  |b gre  |e aacr 
041 0 |a eng 
082 0 |a 306.8743 
100 1 |a Arcana, Judith. 
245 1 0 |a Every mother's son :  |b the role of mothers in the making of men /  |c Judith Arcana 
260 |a London :   |b The Women's Press,   |c 1983 
300 |a 322 p. 
650 0 0 |a Mothers and sons. 
852 |a INST  |b RHODES  |e 19991112  |h 306.8743 ARC  |p 005400012525  |q 005400012525  |t BK  |y 0 
901 |a BIBL4-1999-3 
909 |a Ρ  |b 068946 
922 |a 4ΕΛΗ  |b 199909  |c ΚΠΣ/154  |d GLORY BOOKS 
970 |a ΚΟΥΛΑΚΙΟΤΗ  |b ΛΙΤΣΑ  |z 1999/11/12